Diogo Jota Goals - Statistics

General Stats
  • This quiz has been taken 36 times
  • The average score is 16 of 30
Answer Stats
Goals Current League Team % Correct
1 Premier League Manchester City
85%
7 Premier League Arsenal
82%
1 Premier League Chelsea
79%
1 Premier League Wolves
79%
2 Premier League Tottenham
76%
2 Premier League Everton
74%
2 Premier League Manchester Utd
74%
3 Premier League Burnley
68%
1 Premier League Crystal Palace
68%
2 Premier League Fulham
68%
5 Championship Leicester City
65%
2 Premier League Leeds
62%
5 Premier League Nottingham Forest
62%
3 Serie A Atalanta
59%
1 Premier League Brighton
59%
1 Championship Ipswich Town
59%
4 Championship Southampton
56%
5 Premier League West Ham
56%
1 Premier League Newcastle
53%
1 La Liga Atletico Madrid
50%
3 Premier League Bournemouth
50%
2 Premier League Brentford
50%
2 Championship Norwich
38%
2 Ligue 1 Toulouse
32%
1 Championship Watford
32%
1 Danish Superliga Midtjylland
26%
1 League One Cardiff City
21%
1 League Two Accrington Stanley
18%
1 Championship Sheffield Utd
18%
1 Belgian Pro League Union Saint-Gilloise
15%
No matching quizzes found
Score Distribution
Percent of People with Each Score
Percentile by Number Answered
Your Score History
You have not taken this quiz